000 00432nam a2200181Ia 4500
001 19300
005 20260306172643.0
008 260306t1997||||xx |||||||||||||| ||spa||
041 _aESP
082 _a658.83
_bM19 1997
100 _aMalhotra, Naresh K.
_eAUT
245 0 _aInvestigación de mercados:
_bun enfoque práctico
260 _c1997
300 _a
_c
650 _aGEN
654 _aCAN
942 _cLIB
_dJUS
_fJUS
_2ddc
_n
999 _c19300
_d19300